000 00429cam a2200169ua 4500
020 _c4.00
041 _amal
_h
082 _a494.81203
_bMUH/AL
100 _aMuhammad Abdussalah, M .
245 _aAl-manhal, Part 1 /
_cM Muhammad Abdussalah.
_hTextual Documents
260 _aGuruvayoor :
_bManhal Publishing Home ,
_c1962.
300 _a38 ; .
365 _a4.00
504 _a
942 _cBK
999 _c5010
_d5010